Los consultorios de niños de pecho ("gotas de leche") : (Record no. 166773)
[ view plain ]
| 000 -LEADER | |
|---|---|
| campo de control de longitud fija | 00903nam a2200193 i 4500 |
| 001 - NÚMERO DE CONTROL | |
| campo de control | 166773 |
| 003 - IDENTIFICADOR DE NÚMERO DE CONTROL | |
| campo de control | ES-MaACL |
| 005 - FECHA Y HORA DE LA ÚLTIMA TRANSACCIÓN | |
| campo de control | 20230906213411.0 |
| 008 - DATOS DE LONGITUD FIJA--INFORMACIÓN GENERAL | |
| campo de control de longitud fija | 050921s1903 sp ao |||| | spa d |
| 100 1# - ENTRADA PRINCIPAL--NOMBRE DE PERSONA | |
| Nombre de persona | Ulecia y Cardona, Rafael ( |
| Fechas asociadas al nombre | 1850-1912) |
| 9 (RLIN) | 111917 |
| 245 14 - MENCIÓN DEL TÍTULO | |
| Título | Los consultorios de niños de pecho ("gotas de leche") : |
| Resto del título | impresiones de viajes / |
| Mención de responsabilidad, etc. | por Rafael Ulecia y Cardona. |
| 260 ## - PUBLICACIÓN, DISTRIBUCIÓN, ETC. | |
| Lugar de publicación, distribución, etc. | Madrid : |
| Nombre del editor, distribuidor, etc. | Imp. y Librería de Nicolás Moya, |
| Fecha de publicación, distribución, etc. | 1903. |
| 300 ## - DESCRIPCIÓN FÍSICA | |
| Extensión | VIII, 131 p., [3] h. de fot. : |
| Otras características físicas | il. ; |
| Dimensiones | 22 cm. |
| 597 ## - NOTA DE DESCRIPCIÓN FÍSICA | |
| NOTA DE DESCRIPCIÓN FÍSICA | Port. a dos tintas. |
| 599 ## - NOTA A LAS ILUSTRACIONES | |
| NOTA A LAS ILUSTRACIONES | Fotografías: retratos de la reina María Cristina y de los fundadores de las consultorios de niños de pecho: Dolores de Chávarri de Lizana y José María de Lizana y la Hormaza, marqueses de Casa Torre. |
| 650 #4 - PUNTO DE ACCESO ADICIONAL DE MATERIA--TÉRMINO DE MATERIA | |
| Término de materia o nombre geográfico como elemento de entrada | Lactantes- |
| Subdivisión general | Asistencia sanitaria- |
| Subdivisión geográfica | España. |
| 9 (RLIN) | 166011 |
| 852 4# - LOCALIZACIÓN | |
| Ubicación | ES-MaACL |
| Número de control de estantería | D-1166 |
| 852 4# - LOCALIZACIÓN | |
| Ubicación | ES-MaACL |
| Número de control de estantería | T-1045-F-14 |
| Estatus retirado | Estado de pérdida | Estado de daño | No para préstamo | Biblioteca de origen | Biblioteca actual | Ubicación en estantería | Fecha de adquisición | Fuente de adquisición | Total de préstamos | Signatura topográfica completa | Código de barras | Visto por última vez | Precio de reemplazo | Tipo de ítem Koha | Colección |
|---|---|---|---|---|---|---|---|---|---|---|---|---|---|---|---|
| Biblioteca del Ateneo de Madrid | Biblioteca del Ateneo de Madrid | Sala Valle Inclán | 17/01/2008 | D-1166 | 901174910 | 23/02/2023 | 23/02/2023 | Libro impreso | |||||||
| Biblioteca del Ateneo de Madrid | Biblioteca del Ateneo de Madrid | Depósito folletos | 04/09/2014 | T-1045-F-14 | 1193020 | 23/02/2023 | 23/02/2023 | Folleto | Colección de folletos |
